000 00686nam a2200277Ia 4500
005 20260324140513.0
008 008 260324s9999 xx 000 0 eng d
020 _a9780203777893
037 _aEBOOK
040 _aCRL
040 _beng
040 _cCRL
041 _2eng
041 _aeng
084 _qCRL
100 _aHarinder S. Ghuman; Richard M. Sarles
_91192176
245 0 _aHandbook Of Child And Adolescent Outpatient, Day Treatment A
260 _bTaylor and Francis
260 _c1998
365 _a
365 _b220
856 _uhttp://www.taylorfrancis.com/books/9780203777893
942 _cEBOOK
999 _c1806799
_d1806799